| 000 | 01572nam0a2200397 4500 | ||
|---|---|---|---|
| 001 | RU\NLR\BIBL_A\011630703 | ||
| 005 | 20221226150823.0 | ||
| 010 | _a978-5-9951-3417-6 | ||
| 021 |
_aRU _bКН-П-18-003329 _9КН-П-18-0230 |
||
| 035 | _a(NLR Aleph) 011630703 | ||
| 035 | _a(RuMoRGB)009520593 | ||
| 090 |
_a11032496 _c11032496 |
||
| 100 | _a20180215d2017 c y0rusy50 ca | ||
| 101 | 0 | _arus | |
| 102 | _aRU | ||
| 105 | _aa|||z|||000gy | ||
| 200 | 1 |
_aВасилий Теркин _eкнига про бойца _e[поэма _eдля детей среднего и старшего школьного возраста] _fА. Т. Твардовский _g[художники Е. Третьякова, О. Пархаев] |
|
| 210 |
_aМосква _cСтрекоза _d2017 |
||
| 215 |
_a220, [3] с. _cил. _d21 |
||
| 225 | 1 | _aШкольная программа | |
| 300 | _aЗагл. обл.: Василий Тёркин | ||
| 333 | _a12+ | ||
| 686 |
_aШ5(2=Р)74-651 _2rubbk |
||
| 686 |
_aЦ35(2)722:хл _2rubbk |
||
| 686 | 0 | _aШ9(2)62=Р7-5 | |
| 700 | 1 |
_aТвардовский _bА.Т. _f1910-1971 _gАлександр Трифонович _3RU\NLR\AUTH\7720971 |
|
| 702 | 1 |
_aТретьякова _bЕ. А. _f1984- _gЕлизавета А. _3RU\NLR\AUTH\770250631 _4040 |
|
| 702 | 1 |
_aПархаев _bО.К. _gОлег К _4040 |
|
| 942 | _cBOOK | ||
| 980 | _aNBR | ||
| 980 | _aNB | ||